Southville International School and Colleges
Your cart is empty.
  • Cart
  • Lists
    Public lists Eva Luna New books Lux_list list_1
    Your lists Log in to create your own lists
  • Log in to your account
  • Your cookies
  • Search history
Southville International School and Colleges
  • Advanced search
  • Recent comments
  • Most popular
  • Libraries

Log in to your account

Log in with GOOGLE


If you do not have an external account, but do have a local account, you can still log in:

  1. Home
  2. MARC view: The forbidden game :
Normal view MARC view ISBD view

The forbidden game : (Record no. 11369)

[ view plain ]
MARC details
000 -LEADER
fixed length control field 00761cam a22002775a 4500
001 - CONTROL NUMBER
control field 15867113
003 - CONTROL NUMBER IDENTIFIER
control field OSt
005 - DATE AND TIME OF LATEST TRANSACTION
control field 20140310182251.0
008 - FIXED-LENGTH DATA ELEMENTS--GENERAL INFORMATION
fixed length control field 090813s2010 nyu 000 0 eng
010 ## - LIBRARY OF CONGRESS CONTROL NUMBER
LC control number 2009934857
020 ## - INTERNATIONAL STANDARD BOOK NUMBER
International Standard Book Number 9781416989400
040 ## - CATALOGING SOURCE
Original cataloging agency DLC
Transcribing agency DLC
050 ## - LIBRARY OF CONGRESS CALL NUMBER
Classification number PZ 7
Item number .Sm642 1994
082 ## - DEWEY DECIMAL CLASSIFICATION NUMBER
Classification number FIC
Item number Sm6f 1994
100 1# - MAIN ENTRY--PERSONAL NAME
Personal name Smith, L. J.
Fuller form of name (Lisa J.)
9 (RLIN) 20004
245 14 - TITLE STATEMENT
Title The forbidden game :
Remainder of title the hunter, the chase, the kill /
Statement of responsibility, etc L.J. Smith.
260 ## - PUBLICATION, DISTRIBUTION, ETC. (IMPRINT)
Place of publication, distribution, etc New York :
Name of publisher, distributor, etc Simon Pulse,
Date of publication, distribution, etc c1994.
263 ## - PROJECTED PUBLICATION DATE
Projected publication date 1006
300 ## - PHYSICAL DESCRIPTION
Extent 750 p. ;
Dimensions 20 cm.
490 0# - SERIES STATEMENT
Series statement The forbidden game
650 ## - SUBJECT ADDED ENTRY--TOPICAL TERM
Topical term or geographic name as entry element Fiction
9 (RLIN) 746
906 ## - LOCAL DATA ELEMENT F, LDF (RLIN)
a 0
b ibc
c orignew
d 2
e epcn
f 20
g y-gencatlg
942 ## - ADDED ENTRY ELEMENTS (KOHA)
Source of classification or shelving scheme Library of Congress Classification
Koha item type
Holdings
Withdrawn status Lost status Source of classification or shelving scheme Damaged status Home library Current library Shelving location Date acquired Total Checkouts Total Renewals Full call number Barcode Date last seen Date checked out Copy number Price effective from Koha item type
    Library of Congress Classification   Luxembourg Library Luxembourg Library Fiction Section 09/14/2013 3 6 PZ 7 .Sm642 1994 18343 02/26/2016 02/12/2016 1 09/14/2013 Books

The forbidden game :

APA

Smith L. J., . (1994). The forbidden game. New York: Simon Pulse.

Chicago

Smith L J, . 1994. The forbidden game. New York: Simon Pulse.

Harvard

Smith L. J., . (1994). The forbidden game. New York: Simon Pulse.

MLA

Smith L J, . The forbidden game. New York: Simon Pulse. 1994.

  • Place hold
  • Print
  • Cite
  • Add to your cart (remove)
  • Save record
    BIBTEX Dublin Core MARCXML MARC (non-Unicode/MARC-8) MARC (Unicode/UTF-8) MARC (Unicode/UTF-8, Standard) MODS (XML) RIS
  • More searches
    Search for this title in:
    Other Libraries (WorldCat) Other Databases (Google Scholar) Online Stores (Bookfinder.com) Open Library (openlibrary.org)

Exporting to Dublin Core...

SOUTHVILLE LIBRARY

Southville International School and Colleges Library

1281 Tropical Ave. Cor. Luxembourg St., BF Homes International, Las Pinas City

Tel. No. 8256374 / 252358 Loc. 117/146

Powered by Koha